Compliance posuzování obchodních transakcí a smluv

Súťažné compliance a jeho nástroje. Compliance Contract Assessment a jeho úloha v systéme súťažnej compliance. Náplň Compliance Contract Assessment.

Salvato in:
Dettagli Bibliografici
Autore principale: Koukal, Pavel
Natura: Capitolo di libro
Lingua:ceco
Soggetti:
Tags: Aggiungi Tag
Nessun Tag, puoi essere il primo ad aggiungerne!!

MARC

LEADER 00000naa a2200000 4500
001 0250562
005 20190205102721.8
041 0 |a cze 
044 |a CZ 
245 1 0 |a Compliance posuzování obchodních transakcí a smluv  |c Pavel Koukal 
520 |a Súťažné compliance a jeho nástroje. Compliance Contract Assessment a jeho úloha v systéme súťažnej compliance. Náplň Compliance Contract Assessment. 
610 2 0 |a súťaž hospodárska 
610 2 0 |a riziko obchodné 
610 2 0 |a korporácie 
610 2 0 |a organizácie obchodné 
610 2 0 |a trh relevantný 
610 2 0 |a komunikácia firemná 
610 2 0 |a komunikácia interná 
610 2 0 |a dohody obchodné 
610 2 0 |a zmluvy obchodné 
100 1 |a Koukal, Pavel